000 00954cab a22002055a 4500
001 E152050
008 110131e20110131xxk 000 0 eng u
035 _a(Sirsi) u152050
041 0 _aeng
110 2 _aBank of Scotland
_95792
245 0 0 _aScottish house prices rise by 83% since 2000
_h[electronic resource]
260 _c2011
490 _aBank of Scotland Press Release
_v31 January 2011
520 _aSuggests that house prices in Scotland have increased by 83% since 2000, with the national average price increasing from £61 039 in 2000 to £111 780 at the end of 2010. UK house prices rose by 91% over the same period.
590 _aKA
651 4 _aScotland
_y1999-
690 _aPROPERTY-RESIDENTIAL PROPERTY-DOMESTIC RESIDENTIAL PROPERTY-HOUSING
856 4 0 _uhttps://www.lloydsbankinggroup.com/media/pdfs/bos/2011/SCOTLAND_ten_years_houseprice.pdf
_zView the news release free of charge at www.lloydsbankinggroup.com...
942 _n0
999 _c82889
_d82889